Totality (Record no. 13376)

MARC details
000 -LEADER
fixed length control field 00645nam a2200217Ia 4500
003 - CONTROL NUMBER IDENTIFIER
control field IN-BaIIA
008 - FIXED-LENGTH DATA ELEMENTS--GENERAL INFORMATION
fixed length control field 211028s9999 xx 000 0 eng d
020 ## - INTERNATIONAL STANDARD BOOK NUMBER
International Standard Book Number 0-19-513178-9
040 ## - CATALOGING SOURCE
Transcribing agency IIA Library
080 ## - UNIVERSAL DECIMAL CLASSIFICATION NUMBER
Universal Decimal Classification number 521.81
Item number LIT
100 ## - MAIN ENTRY--PERSONAL NAME
Personal name Littmann, Mark
9 (RLIN) 23469
245 #0 - TITLE STATEMENT
Title Totality
Remainder of title eclipses of the sun
Statement of responsibility, etc. Mark Littmann, Ken Willcox and Fred Espenak
250 ## - EDITION STATEMENT
Edition statement 2nd ed.
260 ## - PUBLICATION, DISTRIBUTION, ETC.
Place of publication, distribution, etc. New York
Name of publisher, distributor, etc. Oxford University Press
Date of publication, distribution, etc. 1999
300 ## - PHYSICAL DESCRIPTION
Extent xviii, 268p.
650 ## - SUBJECT ADDED ENTRY--TOPICAL TERM
Topical term or geographic name entry element Eclipses
9 (RLIN) 909
650 ## - SUBJECT ADDED ENTRY--TOPICAL TERM
Topical term or geographic name entry element Sun
9 (RLIN) 1200
700 ## - ADDED ENTRY--PERSONAL NAME
Personal name Espenak, Fred
9 (RLIN) 15330
700 ## - ADDED ENTRY--PERSONAL NAME
Personal name Willcox, Ken
9 (RLIN) 23470
942 ## - ADDED ENTRY ELEMENTS (KOHA)
Koha item type Books
Holdings
Withdrawn status Lost status Damaged status Not for loan Home library Current library Shelving location Date acquired Total Checkouts Full call number Barcode Date last seen Price effective from Koha item type
        IIA Library-Bangalore IIA Library-Bangalore General Stacks     521.81/ LIT 14295 05/11/2021   Books

Powered by Koha